000 00277nam a22000977a 4500
008 240507b |||||||| |||| 00| 0 eng d
020 _a9788178555584
100 _aAggarwal V P
_9700
245 _aLaboratory Manual Biology-XI
260 _aNew Delhi
_bAvichal Publishing Company
_c2024
999 _c12587
_d12587